00707 2200253 4500001002100000005001700021008004100038020001800079035002400097082001200121090001900133100002200152245008600174250001100260260003300271300003100304500003100335650002600366850001500392980001300407985000600420986001300426999001400439YOGYA-0209000001534420090227022523.0 ind  a979-8061-69-1 0010-020900000015344 a346.048 a346.048bSun P aSUNANDAR, Taryana aPerlindungan hak milik intelektual di negara-negara ASEANcoleh Taryana Soenandar aCet. 1 aJakartabSinar Grafikac1996 axiii, 230 hlnbilusc21 cm aBibliografi : hlm. 125-126 aPaten - Asia Tenggara aYOPDYOG(B) a29-08-05 a1 afwhrtrev a97P093175